Effect of heat shock treatment on heat resistance of microorganisms and biogenic amine synthesis

Elmentve itt :
Bibliográfiai részletek
Szerző: Amal Ahmed Mohamed Hassan
További közreműködők: Halász Anna (Témavezető)
Dokumentumtípus: Disszertáció
Megjelent: 1996
Kulcsszavak:Kémia
Tárgyszavak:
Online Access:http://doktori.ek.szte.hu/5034
LEADER 00755nta a2200205 i 4500
001 dokt5034
005 20220406160221.0
008 220406s1996 hu om 0|| eng d
040 |a SZTE Doktori Repozitórium  |b hun 
041 |a eng 
100 2 |a Amal Ahmed Mohamed Hassan 
245 1 0 |a Effect of heat shock treatment on heat resistance of microorganisms and biogenic amine synthesis  |h [elektronikus dokumentum] /  |c  Amal Ahmed Mohamed Hassan 
260 |c 1996 
502 |a Disszertacio 
650 4 |a biológiai tudományok 
650 4 |a Természettudományok 
650 4 |a Biológiai tudományok 
695 |a Kémia 
700 1 |a Halász Anna  |e ths 
856 4 0 |u https://doktori.bibl.u-szeged.hu/id/eprint/5034/1/1996_amal_ahmed_mohamed_hassan.pdf  |z Dokumentum-elérés